Akustoelektronika /

Gespeichert in:
Bibliographische Detailangaben
1. Verfasser: Neveselý, Miloslav (Verfasst von)
Format: Buch
Sprache:Slowakisch
Veröffentlicht: Bratislava : Alfa, 1986
Tags: Tag hinzufügen
Keine Tags, Fügen Sie das erste Tag hinzu!

MARC

LEADER 00000nam a22000003a 4500
001 stu4774
005 20150617225811.9
008 931105s1986----cs------------------slo-d
040 |a STU  |b slo 
041 0 |a slo 
044 |a cs 
080 |a 621.37.049.779.534.21 
080 |a 621.396.6 
100 1 |a Neveselý, Miloslav  |4 aut 
245 1 |a Akustoelektronika /  |c [aut.] Neveselý,Miloslav 
260 |a Bratislava :  |b Alfa,  |c 1986 
300 |a 264 s 
996 |b 284EK04252  |c E*61466  |l EE0101  |s P  |a 0  |w stu4774_0003 
996 |b 284EK04249  |c E*61972  |l EE01  |s A  |a 24  |w stu4774_0005 
996 |b E62389  |c E*62389  |l EE05  |s P  |a 0  |w stu4774_0007